000 00771nam a22002417a 4500
008 231106s2009 xxk|||||r|||| 00| 0 eng d
020 _a9780956088727
041 _aeng
110 _aRoyal Institution of Chartered Surveyors
245 _aRenewable energy and the rural environment
_breport number 4
260 _aCirencester,
_bRoyal Agricultural College
_c2009
300 _a56p.
_bwirebound
500 _aSponsored by RICS. 100 Club Annual Fellowship in Rural Land Management
650 _aRENEWABLE ENERGY
650 _aRURAL
650 _aLAND MANAGEMENT
651 _aUnited Kingdom
690 _96268
_aRural
700 _aPrag, Peter
710 _aRoyal Institution of Chartered Surveyors
710 _aRoyal Agricultural College
942 _n0
999 _c121698
_d121698